Köşe başında beklerken = (Kayıt no. 10394)

MARC ayrıntıları
000 -BAŞLIK
Sabit Uzunluktaki Kontrol Alanı 00787nam a22002417a 4500
003 - KONTROL NUMARASI KİMLİĞİ
Kontrol Alanı KOHA_MİRAKIL
005 - EN SON İŞLEM TARİHİ ve ZAMANI
Kontrol Alanı 20260602093947.0
008 - SABİT UZUNLUKTAKİ VERİ ÖGELERİ - GENEL BİLGİ
Sabit Alan 260602b tu ||||| |||| 00| 0 tur d
020 ## - ISBN - ULUSLARARASI STANDART KİTAP NUMARASI
Isbn 9786057903471
040 ## - KATALOGLAMA KAYNAĞI
Özgün Kataloglama Kurumu TR-AnABB
Kataloglama Dili tur
Çeviri Kurumu TR-AnABB
041 ## - DİL KODU
Metin ya da ses kaydının dil kodu tur
082 ## - DEWEY ONU SINIFLAMA SİSTEMİ
Sınıflama Numarası 811.42
Cutter numarası SEN 2019
100 1# - KİŞİ ADI
Yazar Adı (Kişi adı) Şenol, Mesut
245 10 - ESER ADI BİLDİRİMİ
Başlık Köşe başında beklerken =
Alt Eseradı vb. waiting around the corner /
Sorumluluk Bildirimi Mesut Şenol
246 ## - DEĞİŞİK BAŞLIK FORMU
Başlık uygun / kısa başlık Waiting around the corner
250 ## - BASIM BİLDİRİMİ
Basım Bildirimi 1. baskı
260 ## - YAYIN, DAĞITIM, VB.
Yayın Yeri İstanbul :
Yayınevi Artshop,
Yayın Tarihi 2019
300 ## - FİZİKSEL TANIMLAMA
Sayfa, Cilt vb. 96 sayfa ;
Boyutları 18 cm
490 0# - DİZİ BİLDİRİMİ
Dizi Bildirimi Artshop Dünya Edebiyatı Platformu Şiir Dizisi ;
Cilt Numarası 27
500 ## - GENEL NOT
Genel Not Kitap yazar tarafından Prof. Dr. Ruşen Keleş için imzalanmıştır.
650 04 - KONU BAŞLIĞI EK GİRİŞ - KONU TERİMİ
Konusal terim veya coğrafi ad Türk edebiyatı, şiir
942 ## - EK GİRİŞ ÖGELERİ (KOHA)
Sınıflama Kaynağı Dewey Decimal Classification
Materyal Türü Kitap
900 ## - YEREL BİLGİ
Kontrol Can ÇELIK
Mevcut
Geri Çekilme Durumu Kayıp Durumu Sınıflandırma Kaynağı Kredi için değil Kalıcı Konum Mevcut Konum Kayıt Tarih Toplam Ödünçverme Yer Numarası Demirbaş Numarası Son Görülme Tarihi Fatura Tarihi Materyal Türü
    Dewey Decimal Classification   Prof. Dr. Ruşen Keleş Kütüphanesi Prof. Dr. Ruşen Keleş Kütüphanesi 02/06/2026   811.42 SEN 2019 RK7119 02/06/2026 02/06/2026 Kitap